Sports Quiz

Random Sports Quiz

Every Plymouth Argyle Opponent Quiz Stats

 Plays Quiz not verified by Sporcle

Challenge
Share
Tweet
Embed
Score 0/99 Timer 15:00
0 Plays Today
Competition Opponent % Correct
FA Cup R4Portsmouth
90.3%
ChampionshipNewcastle United
88.4%
League 2Exeter City
87.7%
ChampionshipSheffield United
87.7%
League 1Sheffield Wednesday
87.1%
ChampionshipSouthampton
87.1%
ChampionshipBirmingham City
86.5%
League 2Torquay
85.2%
League 2Swansea
85.2%
League 2Bristol Rovers
83.2%
League 1Cardiff
83.2%
ChampionshipSunderland
83.2%
ChampionshipIpswich Town
83.2%
League 2AFC Wimbledon
83.2%
League 1Bristol City
82.6%
ChampionshipLeeds
82.6%
League Cup R1Yeovil Town
82.6%
League 1QPR
81.9%
League 1Notts County
81.9%
ChampionshipNottingham Forest
81.9%
League 2Luton
81.3%
League 2Oxford
81.3%
Paint Trophy R1Chester
81.3%
ChampionshipNorwich City
81.3%
ChampionshipWolverhampton Wanderers
80.6%
ChampionshipWest Ham United
80.6%
FA Cup R3Arsenal
80.6%
League 1 Bournemouth
80%
ChampionshipWest Bromwich Albion
80%
League 2Hull
79.4%
League 1Blackpool
79.4%
ChampionshipLeicester City
79.4%
ChampionshipDerby County
79.4%
Competition Opponent % Correct
ChampionshipMiddlesbrough
79.4%
League 2Leyton Orient
78.7%
League Cup Round 1Watford
78.7%
League 1Oldham
78.7%
League 2Carlisle
78.1%
League 1MK Dons
78.1%
ChampionshipGillingham
76.8%
ChampionshipReading
76.8%
FA Cup R3Everton
76.8%
League 2Lincoln City
76.1%
League 1Swindon Town
76.1%
ChampionshipStoke City
75.5%
League 1Wigan Athletic
74.8%
ChampionshipBurnley
74.8%
League 2Bradford City
74.2%
League 2Newport County
74.2%
League 2York City
73.5%
League 1Chesterfield
73.5%
League Cup R2Barnet
73.5%
League 2Accrington Stanley
73.5%
League 2Mansfield
72.9%
League 1Brighton
72.9%
League 1Tranmere
72.3%
ChampionshipMillwall
72.3%
ChampionshipCharlton Athletic
72.3%
League 2 Rochdale
71.6%
League 2Hartlepool
71.6%
League 2 Shrewsbury
70.3%
League 2Cheltenham
70.3%
League 1Northampton
70.3%
League Cup R1Crystal Palace
70.3%
FA Cup R3Dagenham and Redbridge
70.3%
ChampionshipPreston North End
69.7%
Competition Opponent % Correct
League 2Fleetwood Town
69.7%
FA Cup R1Bury
69%
League 1Peterborough
68.4%
League 1Wycombe
68.4%
League 1Grimsby
68.4%
ChampionshipRotherham
68.4%
ChampionshipCoventry City
68.4%
League Cup R2Doncaster Rovers
68.4%
League 2Burton Albion
68.4%
League 2Southend
67.7%
League 1Barnsley
67.7%
League 1Brentford
67.1%
League 1Colchester
67.1%
League 1 Huddersfield Town
66.5%
League 2Morecambe
66.5%
League 2 Scunthorpe
65.2%
League 1Crewe
65.2%
League 1Wrexham
65.2%
League Cup R1Walsall
64.5%
League 1Port Vale
63.9%
League 2 Macclesfield
63.2%
League 2Aldershot
58.7%
League 1Stockport
57.4%
League 2Crawley
57.4%
League 2Darlington
54.8%
League 2Hereford United
51%
League 2Rushden and Diamonds
49%
League 2 Kidderminster
45.8%
FA Cup R1Dorchester
45.8%
FA Cup R1Stourbridge
42.6%
League 2Halifax
39.4%
FA Cup R2Welling
17.4%
FA Cup R1Whitby
16.8%

You're not logged in!

Compare scores with friends on all Sporcle quizzes.
OR
Log In

You Might Also Like...

Show Comments

Extras

Top Quizzes Today


Score Distribution

Your Account Isn't Verified!

In order to create a playlist on Sporcle, you need to verify the email address you used during registration. Go to your Sporcle Settings to finish the process.

Report this User

Report this user for behavior that violates our Community Guidelines.

Details: